Knowledge based computer systems : (Record no. 61721)

MARC details
000 -LEADER
fixed length control field 00771nam a22001937a 4500
005 - DATE AND TIME OF LATEST TRANSACTION
control field 2012013107517.0
008 - FIXED-LENGTH DATA ELEMENTS--GENERAL INFORMATION
fixed length control field 120131t xxu||||| |||| 00| 0 eng d
020 ## - INTERNATIONAL STANDARD BOOK NUMBER
International Standard Book Number 8177641107
Terms of availability 00.00
035 ## - SYSTEM CONTROL NUMBER
System control number EN-44453
040 ## - CATALOGING SOURCE
Original cataloging agency DPL
Language of cataloging ENG
100 ## - MAIN ENTRY--PERSONAL NAME
Personal name Sasikumar, M
9 (RLIN) 40444
245 ## - TITLE STATEMENT
Title Knowledge based computer systems :
Remainder of title Proceedings of the international conference - KBCS2000 /
Statement of responsibility, etc by M. Sasikumar, Durgesh Rao and P. Ravi Prakash
260 ## - PUBLICATION, DISTRIBUTION, ETC. (IMPRINT)
Place of publication, distribution, etc Mumbai
Name of publisher, distributor, etc Allied Publishers Ltd.
Date of publication, distribution, etc 2000
300 ## - PHYSICAL DESCRIPTION
Extent xvii, 590p.
Dimensions 24 cms.
700 ## - ADDED ENTRY--PERSONAL NAME
Personal name Rao, Durgesh
9 (RLIN) 40445
700 ## - ADDED ENTRY--PERSONAL NAME
Personal name Prakash, P Ravi
9 (RLIN) 40446
942 ## - ADDED ENTRY ELEMENTS (KOHA)
Source of classification or shelving scheme Dewey Decimal Classification
Item type English Books
Classification part 004
Call number suffix INT
Holdings
Withdrawn status Lost status Source of classification or shelving scheme Damaged status Not for loan Collection code Home library Current library Shelving location Date acquired Cost, normal purchase price Total Checkouts Full call number Barcode Date last seen Cost, replacement price Koha item type
    Dewey Decimal Classification     Non-fiction Sarojini Nagar Sarojini Nagar General Stacks 31/01/2012 0.00   004 INT EN-44453 31/01/2012 0.00 English Books

© Delhi Public Library
Hit Counter
free hit counter